Teatro

সংরক্ষণ করুন:
গ্রন্থ-পঞ্জীর বিবরন
প্রধান লেখক: Fernández de Moratín, Leandro (Author)
বিন্যাস: গ্রন্থ
ভাষা:স্প্যানিশ
প্রকাশিত: Madrid La Lectura 1924
মালা:Clásicos Castellanos, 58
বিষয়গুলি:
ট্যাগগুলো: ট্যাগ যুক্ত করুন
কোনো ট্যাগ নেই, প্রথমজন হিসাবে ট্যাগ করুন!

MARC

LEADER 00000nam a2200000 a 4500
001 UCX5283
003 CL-VaPUC
008 921016e19240000SP |||||||||||||||||spa|d
082 0 4 |a 862  |b FER  |2 21 
100 0 |a Fernández de Moratín, Leandro  |e author  |9 321561 
245 1 0 |a Teatro 
300 |a v 
942 |c BK 
945 |d 19921016 00:00:00 
260 |a Madrid  |b La Lectura  |c 1924 
650 0 |a Dramas españoles  |9 267081 
583 |a last modification  |c 19921016 00:00:00  |k Rodrigo Vera 
490 0 |a Clásicos Castellanos, 58 
999 |c 225574  |d 225572 
952 |0 0  |1 0  |4 0  |6 862_000000000000000_FER_1924  |7 0  |8 R  |9 223189  |a BIBEDU  |b BIBEDU  |c MCIRC  |d 2019-11-15  |h v.1  |i 2920352  |o 862 FER 1924  |p 2920352  |r 2023-01-13  |w 2019-11-15  |y BK_R  |k LIT